000 00327nam a22001337a 4500
020 _a978-0-552-56222-5
082 _a823
_bWIL/M
100 _aJACQUELINE WILSON
245 _aTHE MONSTER STORY-TELLER
260 _aGREAT BRITAIN
_bCORGI PUPS
_c1997
300 _a60
650 _aCHILDREN'S STORY BOOK
_zUNITED KINGDOM
942 _cBK
999 _c124
_d124